Name the Main Annoying Orange Characters - Statistics

General Stats
  • This quiz has been taken 10 times
  • The average score is 8 of 9
Answer Stats
Hint Answer % Correct
Midget ____ Apple
100%
Main character Orange
100%
Main characters best friend Pear
100%
Only ever seen in gaming videos Grape
88%
Grandpa _____ Lemon
88%
No one knows if they’re a boy or a girl Marshmallow
88%
Main characters “girlfriend” Passion
88%
Killed fruits all the time in very old videos Knife
75%
Very big Grapefruit
63%
No matching quizzes found
Score Distribution
Percent of People with Each Score
Percentile by Number Answered
Your Score History
You have not taken this quiz